Mikroekonomie základní kurs

Salvato in:
Dettagli Bibliografici
Autore principale: Macáková, Libuše
Natura: Libro
Lingua:ceco
Pubblicazione: Slaný Melandrium 2005
Edizione:9. vyd.
Soggetti:
Tags: Aggiungi Tag
Nessun Tag, puoi essere il primo ad aggiungerne!!

MARC

LEADER 00000nam$a2200000$$$4500
001 0044431
005 20240223111918.0
020 |a 80-86175-41-3 
041 0 |a cze 
044 |a CZ 
245 1 0 |a Mikroekonomie  |b základní kurs  |c Libuše Macáková a kolektiv 
250 |a 9. vyd. 
264 1 |a Slaný  |b Melandrium  |c 2005 
300 |a 275 s. 
610 2 0 |a mikroekonomika 
610 2 0 |a trh výrobkov 
610 2 0 |a služby 
610 2 0 |a správanie spotrebiteľa 
610 2 0 |a trh 
610 2 0 |a ponuka 
610 2 0 |a dopyt 
610 2 0 |a faktory výrobné 
610 2 0 |a interakcia ekonomická 
100 1 |a Macáková, Libuše